Statistics for 200m+ populations through time

Click here to take the quiz!

General Stats

  • This quiz has been taken 29 times
  • The average score is 37 of 41

Answer Stats

YearPopulationAnswer% Correct
20001.26 billionChina
100%
2100766.67 millionChina
100%
20751.03 billionChina
100%
20251.42 billionChina
100%
20501.31 billionChina
100%
20501.67 billionIndia
100%
20751.68 billionIndia
100%
20001.06 billionIndia
100%
21001.53 billionIndia
100%
20251.45 billionIndia
100%
2050375.39 millionUSA
100%
2100394.04 millionUSA
100%
2000282.4 millionUSA
100%
2075389.39 millionUSA
100%
2025343.6 millionUSA
100%
2075492.95 millionNigeria
96%
2025234.57 millionNigeria
96%
2050377.46 millionNigeria
96%
2100546.09 millionNigeria
96%
2100487.02 millionPakistan
96%
2050367.81 millionPakistan
96%
2075453.26 millionPakistan
96%
2025249.95 millionPakistan
96%
2050317.23 millionIndonesia
92%
2100296.62 millionIndonesia
92%
2000214.07 millionIndonesia
92%
2025282 millionIndonesia
92%
2075315.82 millionIndonesia
92%
2075201.89 millionBangladesh
88%
2050203.9 millionBangladesh
88%
2050230.89 millionBrazil
88%
2075213.72 millionBrazil
88%
2025218.8 millionBrazil
88%
2075284.53 millionEthiopia
79%
2050214.81 millionEthiopia
79%
2100323.74 millionEthiopia
79%
2075339.12 millionDR Congo
75%
2050217.49 millionDR Congo
75%
2100432.38 millionDR Congo
75%
2100205.23 millionEgypt
71%
2100244.82 millionTanzania
46%

Score Distribution

Percentile by Number Answered

Percent of People with Each Score

Your Score History

You have not taken this quiz